| 000 | 01285cam a2200361 a 4500 | ||
|---|---|---|---|
| 003 | CHAP | ||
| 005 | 20220329141850.0 | ||
| 008 | 980317d1992 mx a r 00110 spa d | ||
| 010 | _a74981 | ||
| 011 | _a75953 | ||
| 035 | _a85527 | ||
| 040 | _cCHAP | ||
| 090 | _aFolleto 14979 | ||
| 100 | 0 | 0 |
_aHernández Pallares, Luis. _954443 |
| 245 | 1 | 0 |
_aManual para la producción de barbasco _c/por Luis Hernández Pallares y Luis A. González Leija |
| 260 |
_aEl Palmar, Ver. : _bINIFAP. Campo Experimental Córdoba. División Forestal, _c1992. |
||
| 300 |
_a17 p. : _bilus. |
||
| 410 | 2 | 1 | _aINIFAP. Campo Experimental Córdoba. División Forestal |
| 490 | 0 |
_aFolleto técnico _v; 5 |
|
| 590 |
_aBATCH-UPD _b10 _c20130110 _lUCH01 _h0741 |
||
| 590 |
_aBATCH-UPD _b10 _c20130410 _lUCH01 _h0423 |
||
| 590 |
_aBATCH-UPD _b10 _c20130914 _lUCH01 _h0536 |
||
| 590 |
_aBATCH-UPD _b10 _c20130914 _lUCH01 _h2135 |
||
| 590 |
_aCONVERSION _b10 _c20130109 _lUCH01 _h1341 |
||
| 650 | 1 | 4 |
_aBarbasco. _910089 |
| 700 | 0 |
_aGonzález Leija, Luis A. _949096 |
|
| 810 | 0 | 0 |
_aINIFAP. Campo Experimental Córdoba. División Forestal _958651 |
| 830 | 0 |
_aFolleto técnico _v; 5 _942067 |
|
| 901 | _aBK | ||
| 905 | _aAlejandra Carrasco M. | ||
| 942 | _cFOLL | ||
| 949 |
_aFolleto 14979 _bBC _cFOLL _d855271 _eTS1 _i85527 _sb |
||
| 999 |
_c74981 _d74981 |
||